Tristana

Збережено в:
Бібліографічні деталі
Автор: Pérez Galdós, Benito
Формат: Книга
Мова:Undetermined
Опубліковано: San José, Costa Rica Editorial Costa Rica 1983
Редагування:2
Предмети:
Теги: Додати тег
Немає тегів, Будьте першим, хто поставить тег для цього запису!

MARC

LEADER 00000nam a2200000Ia 4500
008 170316s9999 xx 000 0 und d
040 |a cru BVZT 
090 |a 862 P-14tr 
100 |a Pérez Galdós, Benito 
245 |a Tristana 
250 |a 2 
260 |a San José, Costa Rica 
260 |b Editorial Costa Rica 
260 |c 1983 
300 |a 213 páginas 
650 |a LITERATURA ESPAÑOLA 
999 |c 10294  |d 10294 
942 |c 15 D  |h 862 P-14tr  |2 z